<?xml version="1.0" encoding="UTF-8"?>
<record
    xmlns:xsi="http://www.w3.org/2001/XMLSchema-instance"
    xsi:schemaLocation="http://www.loc.gov/MARC21/slim http://www.loc.gov/standards/marcxml/schema/MARC21slim.xsd"
    xmlns="http://www.loc.gov/MARC21/slim">

  <leader>01319nam a2200265 i 4500</leader>
  <controlfield tag="001">98598</controlfield>
  <controlfield tag="003">ES-MaACL</controlfield>
  <controlfield tag="005">20250907063057.0</controlfield>
  <controlfield tag="007">t|</controlfield>
  <controlfield tag="008">131005s1900    sp           |||| | spa d</controlfield>
  <datafield tag="080" ind1=" " ind2=" ">
    <subfield code="a">342.25</subfield>
  </datafield>
  <datafield tag="100" ind1="0" ind2=" ">
    <subfield code="a">L&#xF3;pez Mu&#xF1;oz, Antonio, </subfield>
    <subfield code="d">1849-1929</subfield>
    <subfield code="9">73812</subfield>
  </datafield>
  <datafield tag="245" ind1="1" ind2="0">
    <subfield code="a">Discurso pronunciado en el Ateneo de Madrid sobre centralizaci&#xF3;n, descentralizaci&#xF3;n y regionalismo / </subfield>
    <subfield code="c">por Don Antonio L&#xF3;pez Mu&#xF1;oz, en la noche del 16 de marzo de 1900.</subfield>
  </datafield>
  <datafield tag="260" ind1=" " ind2=" ">
    <subfield code="a">Madrid : </subfield>
    <subfield code="b">[s.n.], </subfield>
    <subfield code="c">1900 (</subfield>
    <subfield code="f">Imp. del Asilo de huerfanos del S.C. de Jes&#xFA;s)</subfield>
  </datafield>
  <datafield tag="300" ind1=" " ind2=" ">
    <subfield code="a">37 p. ; </subfield>
    <subfield code="c">21 cm.</subfield>
  </datafield>
  <datafield tag="500" ind1=" " ind2=" ">
    <subfield code="a">Tercera conferencia de la serie "Centralizaci&#xF3;n, descentralizaci&#xF3;n y regionalismo", tema propuesto por la Junta de Gobierno del Ateneo para una serie de siete conferencias, por los se&#xF1;ores Azc&#xE1;rate, Soler, L&#xF3;pez Mu&#xF1;oz, S&#xE1;nchez Guerra, Abadal, Canalejas, Moret.</subfield>
  </datafield>
  <datafield tag="530" ind1=" " ind2=" ">
    <subfield code="a">Disponible en formato digital.</subfield>
  </datafield>
  <datafield tag="610" ind1="2" ind2="4">
    <subfield code="a">Ateneo de Madrid-</subfield>
    <subfield code="v">Conferencias-</subfield>
    <subfield code="y">1900-1939</subfield>
    <subfield code="9">1907</subfield>
  </datafield>
  <datafield tag="650" ind1=" " ind2=" ">
    <subfield code="a">Descentralizaci&#xF3;n administrativa.</subfield>
    <subfield code="9">11820</subfield>
  </datafield>
  <datafield tag="650" ind1="0" ind2="4">
    <subfield code="a">Regionalismo.</subfield>
    <subfield code="9">16746</subfield>
  </datafield>
  <datafield tag="852" ind1=" " ind2=" ">
    <subfield code="a">ES-MaACL</subfield>
    <subfield code="j">2197-F-8</subfield>
    <subfield code="c">DEPOF</subfield>
    <subfield code="z">Revisado enlace: 24 de Abril de 2025</subfield>
  </datafield>
  <datafield tag="856" ind1=" " ind2=" ">
    <subfield code="u">http://bdh-rd.bne.es/viewer.vm?id=0000244475&amp;page=1 </subfield>
    <subfield code="y">Biblioteca Digital Hisp&#xE1;nica</subfield>
  </datafield>
  <datafield tag="942" ind1=" " ind2=" ">
    <subfield code="2">udc</subfield>
  </datafield>
  <datafield tag="999" ind1=" " ind2=" ">
    <subfield code="c">98598</subfield>
    <subfield code="d">98598</subfield>
  </datafield>
  <datafield tag="952" ind1=" " ind2=" ">
    <subfield code="0">0</subfield>
    <subfield code="1">0</subfield>
    <subfield code="2">udc</subfield>
    <subfield code="4">0</subfield>
    <subfield code="7">0</subfield>
    <subfield code="8">Bdigital</subfield>
    <subfield code="a">ATENEOM</subfield>
    <subfield code="b">ATENEOM</subfield>
    <subfield code="c">DEPOF</subfield>
    <subfield code="d">2008-01-17</subfield>
    <subfield code="l">0</subfield>
    <subfield code="o">2197-F-8</subfield>
    <subfield code="p">1102935</subfield>
    <subfield code="r">2023-02-23 00:00:00</subfield>
    <subfield code="w">2023-02-23</subfield>
    <subfield code="y">FOLLETOS</subfield>
  </datafield>
</record>
